000 00325 a2200145 4500
001 157362
040 _cEscola São Tomás de Aquino
100 _aJUNQUEIRA, Sonia
240 1 0 _aO mistério da lua
_lpor
245 1 0 _aO mistério da lua
300 _a24
362 0 _a2015
697 _a*LITERATURA INFANTIL
942 _cBK
999 _c157362
_d157362